Energy-information Concept of Value

Energeticko-informačná povaha hodnoty a jej charakteristické znaky a zákony o jej pohybe v ekonomike, ako aj jej výkonnosť v modernej ekonomike, presnejšie vo financiách, ktoré sú ekonomickou doménou, kde funguje devízová hodnota. Hlbšie pochopenie povahy finančných rizík a finančných kríz, ako aj z...

Descripción completa

Guardado en:
Detalles Bibliográficos
Autor principal: Ryazanova, Nadiya
Formato: Capítulo de libro
Lenguaje:inglés
Materias:
Etiquetas: Agregar Etiqueta
Sin Etiquetas, Sea el primero en etiquetar este registro!

MARC

LEADER 00000naa a2200000 4500
001 0262405
005 20200715121546.4
041 0 |a eng 
044 |a UA 
245 1 0 |a Energy-information Concept of Value  |c Nadiya Ryazanova 
520 |a Energeticko-informačná povaha hodnoty a jej charakteristické znaky a zákony o jej pohybe v ekonomike, ako aj jej výkonnosť v modernej ekonomike, presnejšie vo financiách, ktoré sú ekonomickou doménou, kde funguje devízová hodnota. Hlbšie pochopenie povahy finančných rizík a finančných kríz, ako aj zdrojov zvyšovania hodnoty a ekonomického rastu. 
610 2 0 |a hodnota 
610 2 0 |a informácie 
610 2 0 |a energia 
610 2 0 |a financie 
610 2 0 |a teória hodnoty 
610 2 0 |a riziko finančné 
100 1 |a Ryazanova, Nadiya